Statistics for Random Trivia #9

Click here to take the quiz!

General Stats

  • This quiz has been taken 67 times
  • The average score is 8 of 15

Answer Stats

HintAnswer% Correct
Lead singer of rock band 'Queen'Freddie Mercury
88%
Longest river in the worldAmazon River
86%
'The Hobbit' authorJ.R.R. Tolkien
71%
Unsuccessful CIA-sponsored invasion of Cuba in 1961The Bay of Pigs Invasion
70%
The Opium Wars were fought between Europeans and whom?The Chinese
68%
Director of 'Avatar'James Cameron
64%
Famous for his discoveries in fermentation and pasteurizationLouis Pasteur
63%
City that is home to the famous CN TowerToronto
61%
1918 influenza that killed between 50-100 million peopleSpanish Flu
57%
1966 World Cup winnersEngland
52%
Present-day country where the majority of the Boer Wars was foughtSouth Africa
45%
'MAGA' stands for'Make America Great Again'
36%
Lollapalooza takes place in this American cityChicago
34%
First overall pick in 1998 NFL draftPeyton Manning
27%
Antagonist king in Shakespeare's 'Hamlet'King Claudius
16%

Score Distribution

Percentile by Number Answered

Percent of People with Each Score

Your Score History

You have not taken this quiz